00624nam a2200145Ia 4500008004100000020001800041041000800059082001800067100001700085245028700102250000600389260003900395300001000434650003400444210716s2016 xx 000 0 und d a9781785884870 aeng a005.1372 TOOD aToomay, Dan. aLearning jupyter: learn how to write code mathematics graphics and output all in a single document as well as in a web browser using product jupyter.bLearn how to write code mathematics graphics and output all in a single document as well as in a web browser using product jupyter. a1 aMumbaibPackt Publishing Ltdc2016 av,224 aProgramming Languages(005.13)